|
|
|
|
| LEADER |
00000naa2a2200000 4500 |
| 001 |
392459 |
| 005 |
20231101064251.0 |
| 035 |
|
|
|a (RuTPU)RU\TPU\prd\27801
|
| 090 |
|
|
|a 392459
|
| 100 |
|
|
|a 20040913a2004 k y0rusy50 ca
|
| 101 |
0 |
|
|a rus
|
| 102 |
|
|
|a RU
|
| 200 |
1 |
|
|a Проблемы и перспективы развития нефтегазовой отрасли экономики Грузии
|f А. Ф. Гоциридзе, Д. Ц. Мирцхулава
|
| 225 |
1 |
|
|a Нефтяная промышленность в странах СНГ
|
| 461 |
|
1 |
|0 (RuTPU)RU\TPU\prd\1638
|x 0028-2448
|t Нефтяное хозяйство
|o научно-технический производственный журнал
|d 1925-1940, 1946-
|
| 463 |
|
1 |
|0 (RuTPU)RU\TPU\prd\25410
|t № 3
|v С. 122-125
|d 2004
|
| 610 |
1 |
|
|a Грузия
|
| 610 |
1 |
|
|a нефтегазовая отрасль
|
| 610 |
1 |
|
|a проблемы
|
| 610 |
1 |
|
|a перспективы
|
| 610 |
1 |
|
|a государственная политика
|
| 610 |
1 |
|
|a реализация
|
| 610 |
1 |
|
|a показатели
|
| 675 |
|
|
|a 622.276
|v 3
|
| 700 |
|
1 |
|a Гоциридзе
|b А. Ф.
|
| 701 |
|
1 |
|a Мирцхулава
|b Д. Ц.
|
| 801 |
|
1 |
|a RU
|b 63413507
|c 20040913
|g PSBO
|
| 801 |
|
2 |
|a RU
|b 63413507
|c 20131028
|g RCR
|
| 942 |
|
|
|c BK
|